| Tag |
First Indicator |
Second Indicator |
Subfields |
| LEADER |
00000ugm a2200000 a 4500 |
| 001 |
in00004235513 |
| 005 |
20260122203506.5 |
| 006 |
m o d |
| 007 |
cr cn |
| 008 |
020713s2011 xx v eng |
| 020 |
|
|
|z 0132786672
|
| 035 |
|
|
|a (CaSebORM)9780132786676
|
| 040 |
|
|
|d UtOrBLW
|
| 041 |
0 |
|
|a eng
|
| 100 |
1 |
|
|a Smith, Bud,
|e author.
|0 http://id.loc.gov/authorities/names/nb2008023912
|
| 245 |
1 |
0 |
|a Using iPad 2 /
|c Smith, Bud.
|
| 250 |
|
|
|a 2nd edition.
|
| 264 |
|
1 |
|b Que,
|c 2011.
|
| 300 |
|
|
|a 1 online resource (1 video file, approximately 3 hr., 14 min.)
|
| 336 |
|
|
|a two-dimensional moving image
|b tdi
|2 rdacontent
|
| 337 |
|
|
|a computer
|b c
|2 rdamedia
|
| 338 |
|
|
|a online resource
|b cr
|2 rdacarrier
|
| 347 |
|
|
|a video file
|
| 520 |
|
|
|a The Using iPad 2 video is the ultimate way to learn about your iPad 2. Sit back and let iPad expert Bud Smith show you, step-by-step, how to get the most out of your new addiction, er, iPad. Bud shows you everything from the basics (on-screen gestures, moving icons and so on) to involved topics, such as setting up a network connection, syncing with your computer, setting up email and much, much more. Why read a book when you can have the author show you how to do it? Total running time is about 3 hours.
|
| 533 |
|
|
|a Electronic reproduction.
|b Boston, MA :
|c Safari,
|n Available via World Wide Web.
|
| 538 |
|
|
|a Mode of access: World Wide Web.
|
| 542 |
|
|
|f Copyright © 2012 by Pearson Education Inc.
|
| 588 |
|
|
|a Online resource; Title from title screen (viewed October 12, 2011)
|
| 500 |
|
|
|a Videorecording.
|
| 655 |
|
7 |
|a Electronic videos.
|2 local
|
| 710 |
2 |
|
|a Safari, an O'Reilly Media Company.
|
| 856 |
4 |
0 |
|u https://proxy.library.tamu.edu/login?url=https://go.oreilly.com/TAMU/library/view/-/9780132786676/?ar
|z Connect to this electronic resource
|t 0
|
| 999 |
f |
f |
|s 6cd8aa27-d732-333e-a35c-d7b4bf93b8a6
|i 0cb901f9-45a8-3d2c-a82d-7094998f36cb
|t 0
|
| 952 |
f |
f |
|a Texas A&M University
|b College Station
|c Electronic Resources
|s www_evans
|d Available Online
|t 0
|h No information provided
|
| 998 |
f |
f |
|t 0
|l Available Online
|